Metal cutting and tool design / (Record no. 9282)
[ view plain ]
| 000 -LEADER | |
|---|---|
| fixed length control field | 00712cam a22002295a 4500 |
| 008 - FIXED-LENGTH DATA ELEMENTS--GENERAL INFORMATION | |
| fixed length control field | 150817t20051999ii a frb||| 00| 0 eng d |
| 020 ## - INTERNATIONAL STANDARD BOOK NUMBER | |
| International Standard Book Number | 0706970888 |
| 020 ## - INTERNATIONAL STANDARD BOOK NUMBER | |
| International Standard Book Number | 9780706970883 |
| 040 ## - CATALOGING SOURCE | |
| Original cataloging agency | EG-ScBUE |
| Language of cataloging | eng |
| Transcribing agency | EG-ScBUE |
| 082 04 - DEWEY DECIMAL CLASSIFICATION NUMBER | |
| Classification number | 671.35 |
| Item number | RAN |
| Edition number | 22 |
| 100 1# - MAIN ENTRY--PERSONAL NAME | |
| Personal name | Ranganath, B. J. |
| 245 01 - TITLE STATEMENT | |
| Title | Metal cutting and tool design / |
| Statement of responsibility, etc | B. J. Ranganath. |
| 250 ## - EDITION STATEMENT | |
| Edition statement | 2nd ed., revised ed. |
| 260 ## - PUBLICATION, DISTRIBUTION, ETC. (IMPRINT) | |
| Place of publication, distribution, etc | New Delhi : |
| Name of publisher, distributor, etc | VIKAS PUBLISHING HOUSE PVT LTD, |
| Date of publication, distribution, etc | c.2005. |
| 300 ## - PHYSICAL DESCRIPTION | |
| Extent | x, 266 p. : |
| Other physical details | ill. ; |
| Dimensions | 22 cm. |
| 504 ## - BIBLIOGRAPHY, ETC. NOTE | |
| Bibliography, etc | Bibliography : p. 255-258.<br/> |
| 590 ## - LOCAL NOTE (RLIN) | |
| Local note | doaa <br/>reviewed by: Wessam |
| 650 ## - SUBJECT ADDED ENTRY--TOPICAL TERM | |
| Topical term or geographic name as entry element | metal cutting |
| Source of heading or term | BUEsh |
| 9 (RLIN) | 18199 |
| 653 ## - INDEX TERM--UNCONTROLLED | |
| Resource For college | Engineering, Mechanical |
| 655 ## - INDEX TERM--GENRE/FORM | |
| Form subdivision | |
| -- | 34232 |
| 942 ## - ADDED ENTRY ELEMENTS (KOHA) | |
| Source of classification or shelving scheme | Dewey Decimal Classification |
| Call number prefix | 671.53 RAN |
| Withdrawn status | Item status | Source of classification or shelving scheme | Damaged status | Not for loan | Home library | Current library | Shelving location | Date acquired | Source of acquisition | Total Checkouts | Total Renewals | Full call number | Barcode | Date last seen | Date last borrowed | Koha item type | Vendor | Cost, normal purchase price | Serial Enumeration / chronology |
|---|---|---|---|---|---|---|---|---|---|---|---|---|---|---|---|---|---|---|---|
| Dewey Decimal Classification | Central Library | Central Library | First floor | 12/09/2015 | 1 | 12 | 671.53 RAN | 000011114 | 15/07/2025 | 25/05/2016 | Book - Borrowing | ||||||||
| Dewey Decimal Classification | Central Library | Central Library | First floor | 09/02/2009 | 671.35 RAN | 000014729 | 15/07/2025 | Book - Borrowing | Alahram | 48.00 | 6389 | ||||||||
| Dewey Decimal Classification | Central Library | Central Library | First floor | 12/09/2015 | 1 | 1 | 671.53 RAN | 000013399 | 15/07/2025 | 18/12/2019 | Book - Borrowing |